[Event "Panevezys op-B 28th"]
[Site "Panevezys"]
[Date "2015.08.22"]
[Round "8"]
[White "Rancati, David"]
[Black "Kurtenkovas, Sergejus"]
[Result "0-1"]
[WhiteElo "1541"]
[BlackElo "1602"]
[PlyCount "112"]
[EventDate "2015.08.17"]
[EventType "swiss"]
[EventRounds "9"]
[EventCountry "LTU"]
[SourceTitle "EXT 2016"]
[Source "ChessBase"]
[SourceDate "2015.10.08"]
[SourceVersion "1"]
[SourceVersionDate "2015.10.08"]
[SourceQuality "1"]

1. e4 e6 2. d4 d5 3. Nc3 Bb4 4. e5 Ne7 5. Bd3 c5 6. a3 cxd4 7. axb4 dxc3 8. bxc3 Qc7 9. Bb5+ Bd7 10. Bxd7+ Nxd7 11. f4 Qxc3+ 12. Bd2 Qc6 13. Ne2 Nf5 14. 0-0 Nb6 15. c3 Nc4 16. Rf3 0-0-0 17. Be1 a6 18. Bf2 h6 19. Nd4 Nxd4 20. cxd4 Qb5 21. Rb1 g6 22. Bh4 Rd7 23. Rc3 Kb8 24. Rh3 h5 25. Qd3 Rc7 26. Be1 Rhc8 27. Rf3 Nxe5 28. fxe5 Qd7 29. Qf1 Rf8 30. b5 axb5 31. Rxb5 Rc1 32. Rfb3 Rfc8 33. Rxb7+ Qxb7 34. Rxb7+ Kxb7 35. Qxf7+ R8c7 36. Qf2 R7c2 37. Qh4 g5 38. Qg3 Re2 39. Kf1 Rcxe1+ 40. Qxe1 Rxe1+ 41. Kxe1 Kc6 42. Kd2 Kb5 43. Kc3 Ka4 44. Kd2 Kb4 45. Kd3 Kb3 46. Kd2 Kc4 47. Ke3 Kc3 48. g3 Kc4 49. h3 Kc3 50. h4 gxh4 51. gxh4 Kc4 52. Kf4 Kxd4 53. Kg5 Kxe5 54. Kxh5 Kf6 55. Kh6 d4 56. h5 d3 0-1

[Event "Panevezys op-B 28th"]
[Site "Panevezys"]
[Date "2015.08.21"]
[Round "7"]
[White "Staskeviciute, Darija"]
[Black "Rancati, David"]
[Result "0-1"]
[WhiteElo "1333"]
[BlackElo "1541"]
[PlyCount "74"]
[EventDate "2015.08.17"]
[EventType "swiss"]
[EventRounds "9"]
[EventCountry "LTU"]
[SourceTitle "EXT 2016"]
[Source "ChessBase"]
[SourceDate "2015.10.08"]
[SourceVersion "1"]
[SourceVersionDate "2015.10.08"]
[SourceQuality "1"]

1. e4 c5 2. Nf3 Nc6 3. d4 cxd4 4. Nxd4 e5 5. Nf3 Nf6 6. Bd3 Bc5 7. 0-0 Qb6 8. Nc3 Ng4 9. Qe2 Be7 10. Nd5 Qd8 11. Nxe7 Qxe7 12. h3 Nf6 13. Be3 d6 14. Rad1 0-0 15. Nh2 h6 16. f4 Nd7 17. Bc4 exf4 18. Bxf4 Nde5 19. Bb3 Be6 20. Bd5 Rac8 21. a3 Rfd8 22. Qh5 Kf8 23. Ng4 Nxg4 24. hxg4 Ne5 25. g5 Bg4 26. Qh2 Bxd1 27. Rxd1 Rxc2 28. gxh6 Nf3+ 29. gxf3 Rxh2 30. Kxh2 gxh6 31. Bxh6+ Kg8 32. Be3 Qe5+ 33. Kg1 Qxb2 34. Bxa7 Qe2 35. Rf1 b5 36. Bd4 Rc8 37. Bf6 Rc2 0-1

[Event "Panevezys op-B 28th"]
[Site "Panevezys"]
[Date "2015.08.18"]
[Round "2"]
[White "Pcolkins, Nikolajs"]
[Black "Rancati, David"]
[Result "1/2-1/2"]
[WhiteElo "1652"]
[BlackElo "1541"]
[PlyCount "61"]
[EventDate "2015.08.17"]
[EventType "swiss"]
[EventRounds "9"]
[EventCountry "LTU"]
[SourceTitle "EXT 2016"]
[Source "ChessBase"]
[SourceDate "2015.10.08"]
[SourceVersion "1"]
[SourceVersionDate "2015.10.08"]
[SourceQuality "1"]

1. e4 c5 2. Nf3 Nc6 3. d4 cxd4 4. Nxd4 d6 5. Nc3 e6 6. Be3 Nf6 7. h3 a6 8. Qd2 Be7 9. 0-0-0 Qc7 10. f4 b5 11. e5 b4 12. Nb1 Ne4 13. Qd3 d5 14. Nxc6 Qxc6 15. Nd2 Nc5 16. Bxc5 Bxc5 17. Nb3 Bd7 18. Nxc5 Qxc5 19. Qd4 Qa5 20. Kb1 Rc8 21. Qa7 Bb5 22. Qf2 Bxf1 23. Rhxf1 Qc7 24. Qe2 0-0 25. g4 a5 26. b3 Rfd8 27. Rd4 Qc3 28. Rd3 Qc6 29. Rd4 Rc7 30. Rfd1 Rdc8 31. R1d2 1/2-1/2

[Event "Robecchetto Autunn op 11th"]
[Site "Robecchetto"]
[Date "2014.11.20"]
[Round "7"]
[White "Rancati, David"]
[Black "Rutigliano, Cesare"]
[Result "1-0"]
[WhiteElo "1547"]
[BlackElo "1644"]
[PlyCount "209"]
[EventDate "2014.10.09"]
[EventType "swiss"]
[EventRounds "7"]
[EventCountry "ITA"]
[SourceTitle "EXT 2016"]
[Source "ChessBase"]
[SourceDate "2015.10.08"]
[SourceVersion "1"]
[SourceVersionDate "2015.10.08"]
[SourceQuality "1"]

1. e4 d5 2. exd5 Qxd5 3. Nc3 Qa5 4. Nf3 c6 5. Bc4 Nf6 6. 0-0 Bg4 7. Re1 e6 8. d4 Nbd7 9. Qd3 Nd5 10. Bxd5 cxd5 11. Bf4 a6 12. a3 Bf5 13. Qxf5 Be7 14. Qd3 h6 15. Ne5 Nf6 16. f3 g5 17. Bd2 Qc7 18. f4 gxf4 19. Bxf4 Bd6 20. Qd2 0-0-0 21. Nd3 Rdg8 22. Bxd6 Qxd6 23. Ne5 Rg7 24. Re2 Rhg8 25. Qxh6 Ne8 26. Nf3 Rg6 27. Qd2 f6 28. Rae1 Nc7 29. Na4 b6 30. Nc3 Rh8 31. Nd1 Rgh6 32. h4 Rh5 33. Ne3 e5 34. dxe5 fxe5 35. g4 R5h7 36. Nc4 Qc5+ 37. Ne3 e4 38. b4 Qd6 39. Nf5 Qg6 40. Ne5 Qe6 41. Qc3 Rg8 42. Rg2 Kb7 43. a4 Rc8 44. Qb2 b5 45. a5 Ne8 46. Nd3 Qc6 47. Nc5+ Ka8 48. Nd4 Qf6 49. h5 Nc7 50. Rf1 Qh4 51. Nf5 Qg5 52. Qd4 Re8 53. Ne3 Rd8 54. Rf5 Qh4 55. Rf6 Qe1+ 56. Nf1 e3 57. Qxe3 Qxb4 58. Nxa6 Qxa5 59. Nxc7+ Rxc7 60. Qb6 Qc3 61. Rg3 Qb2 62. Qa5+ Kb8 63. Rb6+ Kc8 64. Qa6+ Kd7 65. Rd6+ Ke8 66. Re3+ Re7 67. Qc6+ Kf7 68. Rf6+ Qxf6 69. Qxf6+ Kxf6 70. Rf3+ Kg5 71. Nh2 Re5 72. Rb3 Re2 73. Rxb5 Rxc2 74. Rb1 d4 75. Rd1 Kf4 76. h6 Ke3 77. g5 Ke2 78. Rb1 d3 79. Rb4 Rc1+ 80. Kg2 Re8 81. Nf3 d2 82. Rb2 Rd8 83. Nxd2 Rxd2 84. Rxd2+ Kxd2 85. g6 Rc6 86. g7 Rg6+ 87. Kf3 Kd3 88. h7 Rf6+ 89. Kg4 Rg6+ 90. Kf5 Rxg7 91. h8Q Rd7 92. Qe8 Rd4 93. Qb5+ Kc3 94. Ke5 Rb4 95. Qc6+ Rc4 96. Qf3+ Kb4 97. Kd5 Rc5+ 98. Kd6 Rc4 99. Qf8 Kc3 100. Qf6+ Kb3 101. Kd5 Rc3 102. Qb6+ Kc2 103. Qa5 Kd2 104. Kd4 Kc2 105. Qxc3+ 1-0

[Event "Robecchetto Autunn op 11th"]
[Site "Robecchetto"]
[Date "2014.10.16"]
[Round "2"]
[White "Gbessou, Remi Stephan"]
[Black "Rancati, David"]
[Result "0-1"]
[WhiteElo "1299"]
[BlackElo "1547"]
[PlyCount "62"]
[EventDate "2014.10.09"]
[EventType "swiss"]
[EventRounds "7"]
[EventCountry "ITA"]
[SourceTitle "EXT 2016"]
[Source "ChessBase"]
[SourceDate "2015.10.08"]
[SourceVersion "1"]
[SourceVersionDate "2015.10.08"]
[SourceQuality "1"]

1. e4 e6 2. d4 d5 3. Nd2 Nf6 4. Bd3 c5 5. e5 Nfd7 6. Ne2 c4 7. Bxc4 dxc4 8. Nxc4 Nb6 9. Ne3 Nc6 10. 0-0 Nd5 11. c3 b6 12. a3 Bb7 13. b4 Rc8 14. Qc2 Ba6 15. c4 Nxe3 16. Bxe3 Bb7 17. Qd3 Nxe5 18. Qb3 Nd7 19. Rac1 Qh4 20. Nf4 Bd6 21. Nh3 Qg4 22. d5 0-0 23. Qd3 Ne5 24. Qd4 Nf3+ 25. Kh1 Nxd4 26. Bxd4 Qxd4 27. dxe6 Rxc4 28. Rce1 fxe6 29. Rd1 Qh4 30. Rxd6 Qxh3 31. Rg1 Rg4 0-1

[Event "Omegna op-B 2nd"]
[Site "Omegna"]
[Date "2014.08.09"]
[Round "3"]
[White "Faraci, Libero"]
[Black "Rancati, David"]
[Result "1/2-1/2"]
[WhiteElo "1713"]
[BlackElo "1491"]
[PlyCount "84"]
[EventDate "2014.08.08"]
[EventType "swiss"]
[EventRounds "5"]
[EventCountry "ITA"]
[SourceTitle "EXT 2015"]
[Source "ChessBase"]
[SourceDate "2014.11.20"]
[SourceVersion "1"]
[SourceVersionDate "2014.11.20"]
[SourceQuality "1"]

1. c4 e6 2. g3 Nf6 3. Bg2 c6 4. Nf3 d5 5. d4 h6 6. 0-0 Nbd7 7. b3 Be7 8. Bb2 Nb8 9. Nbd2 Qc7 10. Qc2 Na6 11. a3 Bd7 12. Rac1 Rc8 13. e4 0-0 14. Qd3 Qd8 15. b4 Qe8 16. Rfe1 Nh7 17. exd5 cxd5 18. b5 Nc7 19. a4 Ng5 20. c5 f5 21. Ne5 Rd8 22. Ndf3 Bc8 23. Nxg5 Bxg5 24. f4 Be7 25. Ra1 Bf6 26. Qc3 Bxe5 27. Rxe5 Qg6 28. Rf1 Ne8 29. Qf3 Nf6 30. Qe2 Ng4 31. Ba3 Rfe8 32. Rc1 Nxe5 33. Qxe5 Qf7 34. c6 bxc6 35. Rxc6 Rd7 36. a5 Bb7 37. Rc5 Rc8 38. Bf1 Rdc7 39. Bd3 Re7 40. Rxc8+ Bxc8 41. Bxe7 Qxe7 42. Qb8 Qb7 1/2-1/2